• 首页
  • 本馆介绍
  • 公告通知
  • 最新文献
  • 馆藏检索
  • 电子资源
  • 读者导购
  • 参考咨询
  • 我的图书馆
  • 登录
  • 详细信息显示
  • 放入我的书架
  • 预约/预借图书
  • 作者相关作品
  • 分类相关作品
  • 丛书相关作品
  • 出版社相关作品

书目信息

  • 表格格式
  • 工作单格式
  • 卡片格式
题名:
割裂世纪的战争·朝鲜1950-1953
    
 
作者: 王湘惠
分册:  
出版信息: 北京   国防大学出版社  2016.10
页数: 177页
开本: 20cm
丛书名:
单 册:
中图分类: E297.5
科图分类:
主题词: 军事史--中国 , 战争史--中国
电子资源:
ISBN: 7-5626-2416-X
000 00655nam0 2200217 450
001 2763
005 20161205144713.24
010    @a7-5626-2416-X@dCNY39.80
100    @a20150810d2016 km y0chiy0120 ea
101 0  @achi
102    @aCN@b110000
200 1  @a割裂世纪的战争·朝鲜1950-1953@Age lie shi ji de zhan zheng·chao xian 1950-1953@f王湘惠@Fwang xiang hui
210    @a北京@c国防大学出版社@d2016.10
215    @a177页@d20cm
330    @a抗美援朝·研究
606 0  @a军事史@x中国
606 0  @a战争史@x中国
690    @aE297.5@v4
701  0 @a王湘惠@Awang xiang hui
801  0 @aCN@b大连网信软件有限公司图书馆·11@c20161205
905    @aZUCC@dE297.5@e77
    
    割裂世纪的战争·朝鲜1950-1953/王湘惠.-北京:国防大学出版社,2016.10
    177页;20cm
    
    
    ISBN 7-5626-2416-X:CNY39.80
    抗美援朝·研究
●
相关链接 在E读中查询图书 在五车中查询图书 在当当中查询图书 在豆瓣中查询图书


正题名:割裂世纪的战争·朝鲜1950-1953     索取号:E297.5/77         预约/预借

序号 登录号 条形码 馆藏地/架位号 状态 备注
1 911414   209114144   第一样本阅览室/ [索取号:E297.5/77] 在馆    
2 911415   209114153   第一借阅区/ [索取号:E297.5/77] 在馆    
3 911416   209114162   第一借阅区/ [索取号:E297.5/77] 在馆    
4 911417   209114171   第一借阅区/ [索取号:E297.5/77] 在馆    
5 911418   209114180   第一借阅区/ [索取号:E297.5/77] 在馆    
唐山师范学院图书馆 欢迎您!
大连网信软件有限公司© 版权所有